000 00265nam a22001097a 4500
082 _a355 CHA'C
100 _aCHANDLER, DAVID G
_948650
245 _aTHE CAMPAIGNS OF NAPOLEON
260 _aLONDON
_bWEIDENFELD & NICOLSON
_c1967
300 _aVOL1&2 584P
942 _cBK
999 _c581814
_d581814